Dynamická orchestrácia aplikovania bezpečnostných mechanizmov v distribučnej sieti

Guardado en:
Detalles Bibliográficos
Autor principal: Frídel, Tomáš (Autor)
Otros Autores: Bakonyi, Peter (Orientador)
Formato: Manuscrito Libro
Lenguaje:eslovaco
inglés
Publicado: 2022
Materias:
Acceso en línea:http://is.stuba.sk/zp/portal_zp.pl?podrobnosti=157874
Etiquetas: Agregar Etiqueta
Sin Etiquetas, Sea el primero en etiquetar este registro!

MARC

LEADER 00000ntm a22000003a 4500
001 stuzp85577
003 SK-STU
005 20220618210450.9
007 ta
008 150427s2015----xo-----f-mn---000-0-slo-d
040 |a STU  |b slo 
041 0 |a eng 
100 1 |a Frídel, Tomáš  |u 070400  |4 aut  |U FIIT Fakulta informatiky a informačných technológií  |T FIIT Ústav počítačového inžinierstva a aplikovanej informatiky  |X 72076  |U I400  |Y 672  |7 72076 
242 0 1 |a Dynamická orchestrácia aplikovania bezpečnostných mechanizmov v distribučnej sieti  |y slo 
245 1 0 |a Dynamická orchestrácia aplikovania bezpečnostných mechanizmov v distribučnej sieti 
260 |c 2022 
650 4 |a Distribučné siete  |2 slo 
650 4 |a Informačná bezpečnosť  |2 slo 
650 4 |a Sieťová bezpečnosť  |2 slo 
650 4 |a Content Delivery Network  |2 eng 
650 4 |a Network Security  |2 eng 
650 4 |a Moving Target Defense  |2 eng 
700 1 |a Bakonyi, Peter  |u 070400  |k Z3  |4 ths  |U FIIT Fakulta informatiky a informačných technológií  |T FIIT Ústav počítačového inžinierstva a aplikovanej informatiky  |X 73658  |U I400  |Y 672  |7 73658 
856 4 |u http://is.stuba.sk/zp/portal_zp.pl?podrobnosti=157874